[Event "Mistrovstvi CR senioru 2016 nad 70 let"]
[Site "Pelclovo divadlo Rychnov nad K"]
[Date "2016.08.27"]
[Round "8.6"]
[White "Matoulek, Jaroslav"]
[Black "Vitek, Vaclav"]
[Result "1/2-1/2"]
[WhiteElo "1616"]
[BlackElo "2035"]
[PlyCount "0"]
[EventDate "2016.08.20"]
[PlyCount "66"]

1. e4 e5 2. Nf3 Nc6 3. Be2 d6 4. h3 f5 5. exf5 Bxf5 6. d3 Nf6 7. Bg5 Be7 8. Nc3
Nd4 9. Bxf6 Bxf6 10. Nd5 Nxf3+ 11. Bxf3 Bg5 12. Qe2 c6 13. Ne3 Be6 14. Bg4 Bf7
15. Nf5 g6 16. Nd4 Qe7 17. Nb3 h5 18. Bf3 O-O-O 19. Nd2 d5 20. O-O-O Rhe8 21.
Kb1 Qb4 22. Qe1 b6 23. h4 Bh6 24. Nb3 Qa4 25. Qc3 Bf8 26. a3 Kb7 27. Na1 d4 28.
Qd2 b5 29. c3 Kb6 30. Rc1 c5 31. Rhe1 c4 32. g3 a5 33. Bd1 dxc3 1/2-1/2

[Event "Mistrovstvi CR senioru 2016 nad 70 let"]
[Site "Pelclovo divadlo Rychnov nad K"]
[Date "2016.08.27"]
[Round "8.7"]
[White "Mutina, Antonin"]
[Black "Skokan, Zdenek"]
[Result "1/2-1/2"]  
[WhiteElo "1784"]
[BlackElo "1967"]
[PlyCount "0"]
[EventDate "2016.08.20"]
[PlyCount "42"]

1. d4 d5 2. Nf3 g6 3. Bf4 Bg7 4. e3 Nf6 5. c4 e6 6. Nc3 c6 7. c5 O-O 8. Be2 Re8
9. O-O Nfd7 10. Bd6 e5 11. dxe5 Nxe5 12. Nxe5 Bxe5 13. Bxe5 Rxe5 14. b4 Bf5 15.
Qd4 Re8 16. a4 Nd7 17. a5 a6 18. Bd3 Bxd3 19. Qxd3 Qe7 20. Qd4 Nf6 21. Rae1
Rad8 1/2-1/2

[Event "Mistrovstvi CR senioru 2016 nad 70 let"]
[Site "Pelclovo divadlo Rychnov nad K"]
[Date "2016.08.27"]
[Round "8.8"]
[White "Folta, Jaroslav"]
[Black "Tejkal, Jiri"]
[Result "1/2-1/2"]
[WhiteElo "1767"]
[BlackElo "1910"]
[PlyCount "0"]
[EventDate "2016.08.20"]
[PlyCount "29"]

1. d4 d5 2. Nf3 Nf6 3. e3 e6 4. Bd3 c5 5. c3 Nc6 6. O-O Bd6 7. Nbd2 a6 8. Re1
O-O 9. e4 dxe4 10. Nxe4 Nxe4 11. Bxe4 f5 12. Bxc6 bxc6 13. dxc5 Bxc5 14. Qxd8
Rxd8 15. Bg5 1/2-1/2

[Event "Mistrovstvi CR senioru 2016 nad 70 let"]
[Site "Pelclovo divadlo Rychnov nad K"]
[Date "2016.08.27"]
[Round "8.9"]
[White "Laska, Zdenek"]
[Black "Haderka, Karel"]
[Result "1/2-1/2"]
[WhiteElo "1869"]
[BlackElo "1803"]
[PlyCount "0"]
[EventDate "2016.08.20"]
[PlyCount "41"]

1. d4 d5 2. c4 c6 3. Nf3 Nf6 4. Nc3 e6 5. e3 g6 6. Bd3 Bg7 7. O-O O-O 8. b3 Re8
9. Bb2 Nbd7 10. Qc2 e5 11. dxe5 dxc4 12. Bxc4 Nxe5 13. Nxe5 Rxe5 14. Rad1 Qe8
15. Be2 Bf5 16. Bd3 Rd8 17. Bxf5 Rxf5 18. Rxd8 Qxd8 19. Rd1 Qe7 20. e4 Rh5 21.
Qd2 1/2-1/2

[Event "Mistrovstvi CR senioru 2016 nad 70 let"]
[Site "Pelclovo divadlo Rychnov nad K"]
[Date "2016.08.27"]
[Round "8.10"]
[White "Tolar, Jan"]
[Black "Brnak, Jan"]
[Result "1/2-1/2"]
[WhiteElo "1815"]
[BlackElo "1595"]
[PlyCount "0"]
[EventDate "2016.08.20"]
[PlyCount "28"]

1. e4 c5 2. Nc3 Nc6 3. Nf3 d6 4. d4 cxd4 5. Nxd4 a6 6. Bc4 Nf6 7. O-O e6 8. Bg5
Be7 9. a3 Qb6 10. Nxc6 Qxc6 11. Bd3 b5 12. Qe2 Bb7 13. Nxb5 Nxe4 14. Qxe4 axb5
1/2-1/2

[Event "Mistrovstvi CR senioru 2016 nad 70 let"]
[Site "Pelclovo divadlo Rychnov nad K"]
[Date "2016.08.27"]
[Round "8.11"]
[White "Vlasak, Ladislav"]
[Black "Havrlik, Pavel"]
[Result "1/2-1/2"]
[WhiteElo "1756"]
[BlackElo "1833"]
[PlyCount "170"]
[EventDate "2016.08.20"]

1. e4 e6 2. d4 d5 3. e5 c5 4. c3 Qb6 5. Nf3 Nc6 6. Be2 Nge7 7. O-O cxd4 8. cxd4
Nf5 9. Nc3 Nfxd4 10. Nxd4 Qxd4 11. Bb5 Qxd1 12. Rxd1 Bd7 13. Bf4 Be7 14. Rd3 g6
15. Bxc6 Bxc6 16. Bh6 Bf8 17. Bg5 Bg7 18. Bf6 O-O 19. g4 Bxf6 20. exf6 h6 21.
f4 Kh7 22. Rh3 Rg8 23. Kf2 g5 24. Rg1 Rg6 25. fxg5 Rxg5 26. Rhg3 Rag8 27. h4
Re5 28. g5 Rf5+ 29. Ke3 e5 30. Nd1 d4+ 31. Kd3 Rg6 32. b4 b5 33. a3 Bd5 34. Rh3
Rf4 35. Ke2 Bc4+ 36. Kd2 e4 37. Rg2 e3+ 38. Nxe3 dxe3+ 39. Kxe3 Rf5 40. Rhg3 h5
41. Rd2 Rg8 42. Rd7 Re8+ 43. Kd4 Kg6 44. Rxa7 Rf4+ 45. Kc5 Rxh4 46. a4 Re5+ 47.
Kd6 Rd5+ 48. Kc6 Rxg5 49. Rxg5+ Kxg5 50. axb5 Be6 51. b6 Rxb4 52. b7 Kxf6 53.
Ra8 Bd5+ 54. Kxd5 Rxb7 55. Ke4 Rb4+ 56. Kf3 Rg4 57. Rh8 Kg5 58. Rg8+ Kf5 59.
Rh8 Rg5 60. Rh6 f6 61. Rh8 Kg6 62. Rg8+ Kh7 63. Rf8 Kg7 64. Ra8 h4 65. Ra4 h3
66. Rh4 Ra5 67. Rxh3 Ra3+ 68. Kg2 Rxh3 69. Kxh3 f5 70. Kg3 Kg6 71. Kf3 Kg5 72.
Kg3 f4+ 73. Kf2 Kg4 74. Kg2 Kf5 75. Kf3 Ke5 76. Kf2 Ke4 77. Ke2 f3+ 78. Kf1 Ke3
79. Ke1 Ke4 80. Kf1 Kf5 81. Kf2 Kf4 82. Kf1 Ke3 83. Ke1 Kd3 84. Kf2 Ke4 85. Kf1
Ke3 1/2-1/2

[Event "Mistrovstvi CR senioru 2016 nad 70 let"]
[Site "Pelclovo divadlo Rychnov nad K"]
[Date "2016.08.27"]
[Round "8.12"]
[White "Palla, Stanislav"]
[Black "Zikmund, Jaroslav"]
[Result "0-1"]
[WhiteElo "1690"]
[BlackElo "1830"]
[PlyCount "116"]
[EventDate "2016.08.20"]

1. e4 c5 2. c3 Nc6 3. d4 cxd4 4. cxd4 d5 5. exd5 Qxd5 6. Nf3 Bg4 7. Nc3 Qd8 8.
d5 Bxf3 9. Qxf3 Ne5 10. Bb5+ Nd7 11. O-O a6 12. Ba4 b5 13. Bc2 Ngf6 14. Bf4 Rc8
15. Bf5 g6 16. Bxd7+ Qxd7 17. Be5 Qf5 18. Qxf5 gxf5 19. Bxf6 exf6 20. Rfe1+ Kd7
21. Rac1 Bh6 22. Rcd1 b4 23. Na4 Kd6 24. Re2 Rhe8 25. Rxe8 Rxe8 26. g3 Re2 27.
f4 Bf8 28. Nb6 Rc2 29. Na4 Kc7 30. Kh1 Bc5 31. Rd3 Kd6 32. a3 bxa3 33. bxa3 Rc4
34. Nc3 Rd4 35. Rf3 Rd2 36. Na4 Kxd5 37. Nxc5 Kxc5 38. Rb3 Kc6 39. Kg1 a5 40.
Kh1 Rd5 41. Kg2 Rb5 42. Rc3+ Kb6 43. h4 a4 44. Rc2 Rb3 45. Ra2 Kc5 46. Kf2 Kd4
47. Rd2+ Ke4 48. Re2+ Kd3 49. Ra2 Kc3 50. Kf3 Rb2 51. Ra1 Kb3 52. g4 Ra2 53.
Rb1+ Kxa3 54. g5 Rb2 55. Ra1+ Kb3 56. h5 a3 57. g6 fxg6 58. h6 a2 0-1

[Event "Mistrovstvi CR senioru 2016 nad 50 let"]
[Site "Pelclovo divadlo Rychnov nad K"]
[Date "2016.08.28"]
[Round "9.1"]
[White "Elias, Miroslav"]
[Black "Urban, Zdenek"]
[Result "0-1"]
[WhiteElo "2047"]
[BlackElo "2153"]
[PlyCount "138"]
[EventDate "2016.08.20"]

1. e4 d6 2. d4 Nf6 3. Nc3 e5 4. dxe5 dxe5 5. Qxd8+ Kxd8 6. Bc4 Be6 7. Bxe6 fxe6
8. f3 a6 9. Be3 Bd6 10. O-O-O Ke7 11. h4 Nh5 12. Nh3 b5 13. Rhe1 Nc6 14. Ne2
Rhf8 15. g4 Nf4 16. Nhxf4 exf4 17. Bd4 e5 18. Bf2 Ke6 19. Nc3 Na5 20. Rd3 c6
21. Red1 Nb7 22. a4 Rf7 23. b3 Rd8 24. Kb2 Bc7 25. axb5 axb5 26. Ra1 Rxd3 27.
cxd3 Rd7 28. Ra7 Bd6 29. Ra6 Rc7 30. b4 Kd7 31. Bb6 Rc8 32. Ra7 Rb8 33. Kb3 Bc7
34. Bf2 Ke8 35. Ra6 Nd8 36. Bc5 Kd7 37. d4 exd4 38. Bxd4 Ne6 39. Bf2 Rb7 40.
Ne2 Be5 41. Ra8 Kd6 42. Ba7 Ke7 43. Bf2 Rd7 44. Ra7 Bf6 45. Rxd7+ Kxd7 46. Kc2
Be7 47. Kc3 Bf6+ 48. Kd3 g6 49. g5 Be5 50. Ba7 Bd6 51. Kc3 Nd8 52. Bg1 Nf7 53.
Bh2 Ne5 54. Ng1 Ke6 55. Bxf4 Bxb4+ 56. Kb3 Be1 57. h5 gxh5 58. Be3 h4 59. f4
Ng4 60. Bc5 Bf2 61. f5+ Kf7 62. Bxf2 Nxf2 63. e5 h3 64. e6+ Ke7 65. Nf3 Ng4 66.
Nd4 h2 67. Nxc6+ Ke8 68. f6 h1=Q 69. f7+ Kf8 0-1

[Event "Mistrovstvi CR senioru 2016 nad 50 let"]
[Site "Pelclovo divadlo Rychnov nad K"]
[Date "2016.08.28"]
[Round "9.2"]
[White "Siebenburger, Vlastimil"]
[Black "Sabol, Marian"]
[Result "0-1"]
[WhiteElo "2068"]
[BlackElo "2337"]
[PlyCount "30"]
[EventDate "2016.08.20"]

1. d4 c5 2. c3 e6 3. e4 Nf6 4. Bd3 d6 5. Nf3 Nc6 6. O-O Be7 7. Re1 O-O 8. Bg5
h6 9. Bh4 cxd4 10. cxd4 Qb6 11. Bxf6 Bxf6 12. e5 dxe5 13. dxe5 Nxe5 14. Nxe5
Bxe5 15. Nd2 Bxh2+ 0-1

[Event "Mistrovstvi CR senioru 2016 nad 50 let"]
[Site "Pelclovo divadlo Rychnov nad K"]
[Date "2016.08.28"]
[Round "9.3"]
[White "Kozak, Milos"]
[Black "Mohapl, Petr"]
[Result "1-0"]
[WhiteElo "2145"]
[BlackElo "2098"]
[PlyCount "74"]
[EventDate "2016.08.20"]

1. c4 e6 2. Nf3 Nf6 3. Nc3 d5 4. d4 Nbd7 5. e3 c5 6. cxd5 exd5 7. Be2 c4 8. O-O
Bd6 9. b3 Qa5 10. Bd2 Bb4 11. Qc2 b5 12. Nxd5 Bxd2 13. Nxf6+ Nxf6 14. Nxd2 O-O
15. bxc4 bxc4 16. Nxc4 Qg5 17. f4 Qh4 18. Bf3 Rb8 19. Ne5 Be6 20. Qf2 Qh6 21.
Rfc1 Rfc8 22. Rxc8+ Rxc8 23. Nc6 Rc7 24. Rb1 g6 25. Qb2 Kg7 26. d5 Bd7 27. Qe5
Rc8 28. Rb7 Re8 29. Qd4 Qh4 30. g3 Qh3 31. Bg2 Qh5 32. Rxd7 Rxe3 33. Rxf7+ Kxf7
34. Qxe3 Qd1+ 35. Bf1 Nxd5 36. Qb3 Qd2 37. Ne5+ Kg7 1-0

[Event "Mistrovstvi CR senioru 2016 nad 50 let"]
[Site "Pelclovo divadlo Rychnov nad K"]
[Date "2016.08.28"]
[Round "9.4"]
[White "Stuchly, Jaroslav"]
[Black "Petras, Milan"]
[Result "0-1"]
[WhiteElo "1871"]
[BlackElo "1963"]
[PlyCount "110"]
[EventDate "2016.08.20"]

1. c4 g6 2. Nc3 Bg7 3. Nf3 Nf6 4. g3 O-O 5. Bg2 d6 6. d4 Nbd7 7. O-O c6 8. Re1
Qc7 9. Rb1 e5 10. dxe5 dxe5 11. e4 Nc5 12. Qc2 Rd8 13. b4 Ne6 14. Ne2 c5 15.
bxc5 Nxc5 16. Nc3 Bd7 17. Nd5 Nxd5 18. cxd5 Rdc8 19. Nd2 Rab8 20. Nb3 Na4 21.
Qxc7 Rxc7 22. Be3 b6 23. Rbc1 Rbc8 24. Rxc7 Rxc7 25. Rc1 Rxc1+ 26. Bxc1 Bf8 27.
Bd2 f6 28. f4 Bd6 29. Kf2 Kf7 30. Kf3 Ke7 31. h3 f5 32. fxe5 Bxe5 33. Bf4 Kd6
34. Nd2 b5 35. Ke3 Bxf4+ 36. gxf4 fxe4 37. Nxe4+ Kxd5 38. Nf6+ Kd6 39. Nxh7 Nc3
40. a3 Bf5 41. Ng5 Nb1 42. Be4 Bxe4 43. Kxe4 Ke7 44. Nf3 Kf6 45. Nd4 Nxa3 46.
h4 b4 47. f5 gxf5+ 48. Kf4 a5 49. h5 Nc4 50. h6 Ne5 51. h7 Ng6+ 52. Ke3 a4 53.
Kd2 f4 54. Ne2 Kg7 55. Kd3 a3 0-1

[Event "Mistrovstvi CR senioru 2016 nad 50 let"]
[Site "Pelclovo divadlo Rychnov nad K"]
[Date "2016.08.28"]
[Round "9.5"]
[White "Humlicek, Vojtech"]
[Black "Korinkova, Eva"]
[Result "1/2-1/2"]
[WhiteElo "1963"]
[BlackElo "1740"]
[PlyCount "100"]
[EventDate "2016.08.20"]

1. e4 c5 2. Nf3 Nc6 3. d4 cxd4 4. Nxd4 Nf6 5. Nc3 g6 6. Be3 Bg7 7. Bc4 Qa5 8.
O-O O-O 9. f3 Qb4 10. Bb3 Re8 11. Ncb5 Qa5 12. c3 a6 13. Na3 d5 14. exd5 Nxd5
15. Bf2 Nxd4 16. Bxd4 Bxd4+ 17. Qxd4 Nf6 18. Nc4 Qg5 19. h4 Qd5 20. Qe3 Qb5 21.
Ne5 Rf8 22. Nxf7 Rxf7 23. Qxe7 Qxb3 24. Qd8+ Rf8 25. Qxf8+ Kxf8 26. axb3 Be6
27. c4 Rd8 28. Rad1 Rd7 29. Kf2 Kf7 30. Ke3 Ke7 31. Rd4 Rxd4 32. Kxd4 Nd7 33.
Re1 Kf6 34. b4 h5 35. Re3 Ke7 36. Re1 Kf6 37. Ra1 Ne5 38. b3 Bd7 39. Rd1 Bc6
40. Kc5 Nd7+ 41. Kd6 g5 42. hxg5+ Kxg5 43. Ke6 Nf8+ 44. Kd6 Ng6 45. b5 axb5 46.
cxb5 Be8 47. Kc7 Nf4 48. Kxb7 Bxb5 49. g3 Be2 50. gxf4+ Kxf4 1/2-1/2

[Event "Mistrovstvi CR senioru 2016 nad 50 let"]
[Site "Pelclovo divadlo Rychnov nad K"]
[Date "2016.08.28"]
[Round "9.6"]
[White "Pociejowski, Marek"]
[Black "Papacek, Milos"]
[Result "1-0"]
[WhiteElo "1851"]
[BlackElo "1752"]
[PlyCount "65"]
[EventDate "2016.08.20"]

1. d4 Nf6 2. c4 e5 3. dxe5 Ng4 4. Bf4 Nc6 5. Nf3 Bc5 6. e3 Qe7 7. Nc3 Bb4 8.
Qd5 Bxc3+ 9. bxc3 Nd8 10. h3 c6 11. Qd2 Nh6 12. Bg5 Qf8 13. Nd4 d6 14. Nf3 Ne6
15. Bxh6 gxh6 16. exd6 Qg7 17. e4 Nc5 18. e5 Be6 19. Qe3 b6 20. Rd1 O-O 21. Bd3
f5 22. g3 Kh8 23. Nd4 Nxd3+ 24. Rxd3 Bxc4 25. f4 c5 26. Nc6 Bxd3 27. Qxd3 Qd7
28. Qd5 Rae8 29. Kf2 Rf7 30. Re1 Re6 31. Nd8 Qxd8 32. Qxe6 Kg7 33. Qd5 1-0

[Event "Mistrovstvi CR senioru 2016 nad 50 let"]
[Site "Pelclovo divadlo Rychnov nad K"]
[Date "2016.08.28"]
[Round "9.7"]
[White "Zmeskal, Stanislav"]
[Black "Fiedler, Bedrich"]
[Result "0-1"]
[WhiteElo "1790"]
[BlackElo "2114"]
[PlyCount "38"]
[EventDate "2016.08.20"]

1. e4 c5 2. Nf3 d6 3. d4 cxd4 4. Nxd4 Nf6 5. Nc3 g6 6. f3 Bg7 7. Be3 Nc6 8. g4
O-O 9. h4 Qb6 10. Qd2 Nxg4 11. Nxc6 Nxe3 12. Nxe7+ Kh8 13. Na4 Qd8 14. Nxg6+
fxg6 15. Qxe3 d5 16. O-O-O Qa5 17. Qb3 dxe4 18. fxe4 Bg4 19. Rd5 Qe1+ 0-1

[Event "Mistrovstvi CR senioru 2016 nad 50 let"]
[Site "Pelclovo divadlo Rychnov nad K"]
[Date "2016.08.28"]
[Round "9.8"]
[White "Zoufaly, Petr"]
[Black "Marinov, Peter"]
[Result "0-1"]
[WhiteElo "1688"]
[BlackElo "1763"]
[PlyCount "154"]
[EventDate "2016.08.20"]

1. d4 d5 2. Nf3 e6 3. e3 c6 4. Bd3 f5 5. O-O Bd6 6. b3 Nd7 7. Ba3 Qe7 8. Bxd6
Qxd6 9. Nbd2 Ngf6 10. c4 Ne4 11. cxd5 exd5 12. Nh4 Qf6 13. g3 g5 14. Ng2 h5 15.
Nxe4 fxe4 16. Be2 g4 17. b4 Nf8 18. b5 Bd7 19. Qb3 Ng6 20. a4 Kf7 21. a5 a6 22.
bxa6 bxa6 23. Rab1 Qd6 24. Qb4 Qc7 25. Qc5 Ke6 26. Rb6 Qd6 27. Rfb1 Rhc8 28.
Rxa6 Rxa6 29. Bxa6 Qxc5 30. dxc5 Ra8 31. Rb6 Ra7 32. Ne1 Ne5 33. Nc2 Nf3+ 34.
Kg2 d4 35. exd4 Kd5 36. Nb4+ Kxd4 37. Rb7 Rxb7 38. Bxb7 Kxc5 39. Nc2 Kb5 40. a6
Kb6 41. Nb4 Nd2 42. Kg1 Nb3 43. Kf1 Nc5 44. Ke2 Nxb7 45. axb7 Kxb7 46. Ke3 Bf5
47. Kd4 Kb6 48. Kc3 Be6 49. Nc2 c5 50. Ne3 Kc6 51. Nc2 Kd5 52. Ne3+ Ke5 53. Nc2
Bd5 54. Ne3 Ba2 55. Nc2 Bb1 56. Ne3 Bd3 57. Nd1 Bf1 58. Ne3 Be2 59. Nc2 Bd3 60.
Ne3 Bb5 61. Nc2 Bd7 62. Kc4 Kd6 63. Ne3 Be6+ 64. Kc3 Ke5 65. Nc2 Kf5 66. Ne3+
Kg5 67. Nc2 Kf5 68. Ne3+ Ke5 69. Nc2 e3 70. Nxe3 Ke4 71. Nf1 Kf3 72. Kd2 Kxf2
73. Ne3 Kg1 74. Ke2 Kxh2 75. Kf2 c4 76. Nd1 h4 77. gxh4 g3+ 0-1

[Event "Mistrovstvi CR senioru 2016 nad 60 let"]
[Site "Pelclovo divadlo Rychnov nad K"]
[Date "2016.08.28"]
[Round "9.1"]
[White "Pribyl, Josef"]
[Black "Pilar, Miloslav"]
[Result "1/2-1/2"]
[WhiteElo "2266"]
[BlackElo "2173"]
[PlyCount "38"]
[EventDate "2016.08.20"]

1. d4 Nf6 2. g3 g6 3. Bg2 Bg7 4. e4 d6 5. Nc3 O-O 6. Nf3 Bg4 7. h3 Bxf3 8. Bxf3
e5 9. dxe5 dxe5 10. Bg5 c6 11. O-O h6 12. Be3 Qxd1 13. Rfxd1 Nbd7 14. a4 Rfd8
15. Rd3 Kf8 16. Rad1 Ke8 17. g4 Bf8 18. b3 Nc5 19. Rxd8+ Rxd8 1/2-1/2

[Event "Mistrovstvi CR senioru 2016 nad 60 let"]
[Site "Pelclovo divadlo Rychnov nad K"]
[Date "2016.08.28"]
[Round "9.2"]
[White "Briza, Jiri"]
[Black "Vorobyov, Yrij"]
[Result "0-1"]
[WhiteElo "1904"]
[BlackElo "2160"]
[PlyCount "110"]
[EventDate "2016.08.20"]

1. e4 e6 2. d4 b6 3. Nc3 Bb7 4. Bd3 Nf6 5. Nf3 Bb4 6. Bg5 h6 7. Bxf6 Qxf6 8.
O-O Bxc3 9. bxc3 O-O 10. Rb1 d6 11. c4 Nd7 12. Re1 e5 13. c3 Rad8 14. Re3 Rfe8
15. d5 Bc8 16. Ne1 Nf8 17. Rf3 Bg4 18. Rxf6 Bxd1 19. Rxd6 cxd6 20. Rxd1 Rc8 21.
Nc2 Nd7 22. Nb4 Nb8 23. a4 g6 24. f3 Kg7 25. Kf2 Rf8 26. Rb1 f5 27. Ke3 fxe4
28. fxe4 a5 29. Nc2 Nd7 30. Na3 Rf6 31. Nb5 h5 32. Na7 Rcf8 33. Rb2 Nc5 34.
Rxb6 Nxa4 35. Rc6 Nc5 36. Nb5 Nb7 37. c5 dxc5 38. d6 Kh6 39. Rb6 R8f7 40. Ra6
a4 41. Bc4 Rd7 42. Bd5 Nxd6 43. Nxd6 Rfxd6 44. Rxa4 Rb6 45. Ra2 Rb1 46. Kd3 Rh1
47. h3 Kg5 48. Rf2 Kh4 49. Rf6 g5 50. Ke2 Ra7 51. Rh6 Rc1 52. g3+ Kxh3 53. Kd2
Rg1 54. Rxh5+ Kg4 55. Rh8 Kxg3 0-1

[Event "Mistrovstvi CR senioru 2016 nad 60 let"]
[Site "Pelclovo divadlo Rychnov nad K"]
[Date "2016.08.28"]
[Round "9.3"]
[White "Novotny, Josef"]
[Black "Drabek, Miloslav"]
[Result "0-1"]
[WhiteElo "2078"]
[BlackElo "2078"]
[PlyCount "60"]
[EventDate "2016.08.20"]

1. e3 Nf6 2. d3 d6 3. Nf3 e5 4. g3 Be7 5. Bg2 O-O 6. Nc3 c6 7. h3 h6 8. e4 Be6
9. Nh4 Nbd7 10. Nf5 Bxf5 11. exf5 d5 12. g4 Ne8 13. Qe2 Nd6 14. Bd2 Re8 15.
O-O-O Bh4 16. f3 b5 17. Rdg1 b4 18. Nd1 a5 19. Kb1 Nb5 20. Ne3 Qb6 21. Kc1 Nd4
22. Qd1 Qc5 23. Kb1 a4 24. Be1 Bg5 25. Bf2 b3 26. cxb3 axb3 27. a3 Rxa3 28.
bxa3 Qxa3 29. Qd2 Nc2 30. Qc3 Qa2+ 0-1

[Event "Mistrovstvi CR senioru 2016 nad 60 let"]
[Site "Pelclovo divadlo Rychnov nad K"]
[Date "2016.08.28"]
[Round "9.4"]
[White "Mlynel, Petr"]
[Black "Just, Pavel"]
[Result "1/2-1/2"]
[WhiteElo "2153"]
[BlackElo "1971"]
[PlyCount "76"]
[EventDate "2016.08.20"]

1. d4 Nf6 2. c4 e6 3. g3 d5 4. Nf3 dxc4 5. Qa4+ Bd7 6. Qxc4 Bc6 7. Bg2 Be7 8.
Nc3 O-O 9. O-O Bxf3 10. Bxf3 c6 11. Rd1 Nbd7 12. e4 Nb6 13. Qb3 Nfd7 14. a4 a5
15. Be3 Bg5 16. e5 Be7 17. Ne4 Qc7 18. Bg5 Bb4 19. Bg4 Nd5 20. Bd2 Be7 21. f4
g6 22. Rac1 Rab8 23. Be2 h5 24. h3 Kg7 25. Kg2 Rh8 26. Rh1 Ra8 27. g4 hxg4 28.
hxg4 Qb6 29. Qxb6 N7xb6 30. b3 Rxh1 31. Rxh1 Nd7 32. Rf1 f5 33. exf6+ Bxf6 34.
Nxf6 N7xf6 35. Bf3 b6 36. Rc1 Rc8 37. f5 gxf5 38. gxf5 exf5 1/2-1/2

[Event "Mistrovstvi CR senioru 2016 nad 60 let"]
[Site "Pelclovo divadlo Rychnov nad K"]
[Date "2016.08.28"]
[Round "9.5"]
[White "Jablecnik, Gustav"]
[Black "Uhmann, Jan"]
[Result "1-0"]
[WhiteElo "2108"]
[BlackElo "2063"]
[PlyCount "71"]
[EventDate "2016.08.20"]

1. e4 c6 2. Nc3 d5 3. Qf3 d4 4. Bc4 e6 5. Nce2 c5 6. Qg3 Nc6 7. f4 Nge7 8. Nf3
Qc7 9. O-O h6 10. a3 Bd7 11. d3 O-O-O 12. b4 Ng6 13. Bd2 Be8 14. Qe1 a6 15. b5
axb5 16. Bxb5 f6 17. Rb1 Bd6 18. g3 e5 19. f5 Nge7 20. a4 Qb8 21. c3 Qa7 22.
cxd4 exd4 23. Nf4 Bxf4 24. Bxf4 Nb4 25. Rxb4 cxb4 26. Qxb4 Nc6 27. Rc1 Rd7 28.
Bxc6 bxc6 29. Rxc6+ Kd8 30. Rb6 Rf8 31. Rb8+ Qxb8 32. Bxb8 Rff7 33. Nxd4 Rb7
34. Qc4 Rfd7 35. Ne6+ Ke7 36. Qc5+ 1-0

[Event "Mistrovstvi CR senioru 2016 nad 60 let"]
[Site "Pelclovo divadlo Rychnov nad K"]
[Date "2016.08.28"]
[Round "9.6"]
[White "Ondrejat, Miroslav"]
[Black "Lorenc, Oldrich"]
[Result "1/2-1/2"]
[WhiteElo "2028"]
[BlackElo "2063"]
[PlyCount "26"]
[EventDate "2016.08.20"]

1. c4 Nf6 2. Nc3 g6 3. g3 Bg7 4. Bg2 c6 5. e4 d6 6. d4 O-O 7. Nge2 Nbd7 8. O-O
Rb8 9. h3 b5 10. cxb5 cxb5 11. a3 a6 12. Kh2 Bb7 13. f4 e6 1/2-1/2

[Event "Mistrovstvi CR senioru 2016 nad 60 let"]
[Site "Pelclovo divadlo Rychnov nad K"]
[Date "2016.08.28"]
[Round "9.7"]
[White "Salac, Jiri"]
[Black "Sobotnik, Petr"]
[Result "1/2-1/2"]
[WhiteElo "2102"]
[BlackElo "1947"]
[PlyCount "160"]
[EventDate "2016.08.20"]

1. d4 Nf6 2. Bf4 c6 3. c3 d5 4. Nd2 Nh5 5. Bg5 h6 6. Bh4 g5 7. e3 Nf6 8. Bg3
Bf5 9. h3 Nbd7 10. Ngf3 e6 11. Ne5 Nxe5 12. Bxe5 Bd6 13. Nf3 Bxe5 14. Nxe5 Nd7
15. Nxd7 Qxd7 16. Be2 Qe7 17. Qb3 Rg8 18. g3 Bg6 19. Qb4 f6 20. Qxe7+ Kxe7 21.
h4 Kd6 22. f3 Rae8 23. Kf2 e5 24. hxg5 hxg5 25. Rh6 exd4 26. exd4 Rh8 27. Rah1
Rxh6 28. Rxh6 Rg8 29. Bd1 Ke7 30. Rh1 Re8 31. Re1+ Kf7 32. Rxe8 Kxe8 33. f4 Bf5
34. b4 Kd7 35. a4 Kd6 36. a5 b6 37. Be2 bxa5 38. bxa5 c5 39. dxc5+ Kxc5 40. Ke3
Bc2 41. fxg5 fxg5 42. Bf1 Bb3 43. Be2 Bc4 44. Bf3 Kb5 45. Kd4 Kxa5 46. Bxd5
Bxd5 47. Kxd5 Kb6 48. Kd6 Kb5 49. Kd5 a5 50. c4+ Kb6 51. Kd6 a4 52. c5+ Kb5 53.
c6 a3 54. c7 a2 55. c8=Q a1=Q 56. Qc6+ Kb4 57. Qc5+ Kb3 58. Qxg5 Qa6+ 59. Ke5
Qe2+ 60. Kf4 Qd2+ 61. Kg4 Qe2+ 62. Kf4 Qf2+ 63. Ke5 Qc5+ 64. Kf6 Qd6+ 65. Kg7
Qd7+ 66. Kh8 Qh3+ 67. Kg7 Qd7+ 68. Kg8 Qe6+ 69. Kf8 Qd6+ 70. Ke8 Qe6+ 71. Kf8
Qd6+ 72. Kf7 Qd7+ 73. Qe7 Qf5+ 74. Qf6 Qd7+ 75. Kg8 Qg4+ 76. Qg7 Qc8+ 77. Kf7
Qd7+ 78. Kf6 Qd4+ 79. Kg6 Qg4+ 80. Kh7 Qh5+ 1/2-1/2

[Event "Mistrovstvi CR senioru 2016 nad 60 let"]
[Site "Pelclovo divadlo Rychnov nad K"]
[Date "2016.08.28"]
[Round "9.9"]
[White "Juricek, Stanislav"]
[Black "Sveda, Jiri"]
[Result "1-0"]
[WhiteElo "2082"]
[BlackElo "1930"]
[PlyCount "67"]
[EventDate "2016.08.20"]

1. e4 e6 2. d4 d5 3. Nc3 dxe4 4. Nxe4 Nd7 5. Nf3 Be7 6. Bd3 b6 7. Qe2 Ngf6 8.
Ne5 Nxe5 9. dxe5 Nxe4 10. Bxe4 Rb8 11. Qb5+ Bd7 12. Qe2 h5 13. Be3 c5 14. O-O-O
Qc7 15. Qf3 Qxe5 16. h4 Bf6 17. c3 Qc7 18. Bg5 Bxg5+ 19. hxg5 Qe5 20. g6 f6 21.
Bc6 Qg5+ 22. Kc2 Qxg6+ 23. Kb3 c4+ 24. Ka3 Qg5 25. Bxd7+ Ke7 26. b4 cxb3 27.
axb3 Qa5+ 28. Kb2 Qc5 29. Rhe1 e5 30. Rd5 Qc7 31. Red1 Rbd8 32. Qf5 Rh6 33. f4
exf4 34. Qe6+ 1-0

[Event "Mistrovstvi CR senioru 2016 nad 60 let"]
[Site "Pelclovo divadlo Rychnov nad K"]
[Date "2016.08.28"]
[Round "9.10"]
[White "Innemann, Frantisek"]
[Black "Hlavac, Frantisek"]
[Result "1/2-1/2"]
[WhiteElo "1887"]
[BlackElo "1989"]
[PlyCount "22"]
[EventDate "2016.08.20"]

1. e4 Nc6 2. d4 d5 3. e5 Bf5 4. c3 e6 5. Bd3 Nce7 6. Nf3 Qd7 7. a4 Nh6 8. Bxf5
Nexf5 9. Nbd2 Be7 10. Nf1 O-O-O 11. Ne3 Nh4 1/2-1/2

[Event "Mistrovstvi CR senioru 2016 nad 60 let"]
[Site "Pelclovo divadlo Rychnov nad K"]
[Date "2016.08.28"]
[Round "9.11"]
[White "Trojan, Lubos"]
[Black "Klimes, Jiri"]
[Result "1-0"]
[WhiteElo "1989"]
[BlackElo "1868"]
[PlyCount "77"]
[EventDate "2016.08.20"]

1. d4 Nf6 2. Nf3 g6 3. g3 Bg7 4. Bg2 O-O 5. O-O d5 6. Nbd2 Bf5 7. Nh4 Bg4 8. h3
Bd7 9. Kh2 c5 10. dxc5 Na6 11. Nb3 Rc8 12. Be3 e6 13. Qd2 Ne4 14. Bxe4 dxe4 15.
Rad1 Rc7 16. Bf4 e5 17. Be3 Qc8 18. Rh1 Be6 19. c3 Bxb3 20. axb3 Nxc5 21. b4
Ne6 22. Qd5 f5 23. Bxa7 Rd8 24. Qa5 Rcd7 25. Qa4 b5 26. Qb3 Kf7 27. Bb6 Rxd1
28. Rxd1 Rxd1 29. Qxd1 Qc6 30. Be3 Kf6 31. Qd2 g5 32. Bxg5+ Nxg5 33. Qd8+ Kf7
34. Qxg5 f4 35. gxf4 Bf6 36. Qh5+ Ke6 37. Qf5+ Kd5 38. Ng2 Kc4 39. fxe5 1-0

[Event "Mistrovstvi CR senioru 2016 nad 60 let"]
[Site "Pelclovo divadlo Rychnov nad K"]
[Date "2016.08.28"]
[Round "9.12"]
[White "Kohout, Jan"]
[Black "Divis, Libor"]
[Result "1/2-1/2"]
[WhiteElo "1963"]
[BlackElo "1880"]
[PlyCount "26"]
[EventDate "2016.08.20"]

1. e4 d6 2. d4 Nd7 3. Bc4 c6 4. a4 e5 5. Nf3 Be7 6. O-O Ngf6 7. Ng5 O-O 8.
Bxf7+ Rxf7 9. Ne6 Qe8 10. Nc7 Qd8 11. Ne6 Qe8 12. Nc7 Qd8 13. Ne6 Qe8 1/2-1/2

[Event "Mistrovstvi CR senioru 2016 nad 60 let"]
[Site "Pelclovo divadlo Rychnov nad K"]
[Date "2016.08.28"]
[Round "9.13"]
[White "Sedlacek, Jan"]
[Black "Sibl, Vaclav"]
[Result "1/2-1/2"]
[WhiteElo "1839"]
[BlackElo "1944"]
[PlyCount "20"]
[EventDate "2016.08.20"]

1. e4 d6 2. d4 Nf6 3. Nc3 Nbd7 4. Nf3 e5 5. dxe5 dxe5 6. Bd3 c6 7. O-O Be7 8.
h3 b5 9. a3 Qc7 10. Be3 O-O 1/2-1/2

[Event "Mistrovstvi CR senioru 2016 nad 60 let"]
[Site "Pelclovo divadlo Rychnov nad K"]
[Date "2016.08.28"]
[Round "9.14"]
[White "Lexa, Vaclav"]
[Black "Rucka, Alois"]
[Result "0-1"]
[WhiteElo "1860"]
[BlackElo "1927"]
[PlyCount "22"]
[EventDate "2016.08.20"]

1. d4 Nf6 2. c4 e6 3. Nc3 Bb4 4. f3 d5 5. e3 O-O 6. a3 Bxc3+ 7. bxc3 c6 8. Bd3
Qc7 9. Ne2 c5 10. cxd5 exd5 11. O-O Re8 0-1